<?xml version="1.0" encoding="UTF-8"?>
<record
    xmlns:xsi="http://www.w3.org/2001/XMLSchema-instance"
    xsi:schemaLocation="http://www.loc.gov/MARC21/slim http://www.loc.gov/standards/marcxml/schema/MARC21slim.xsd"
    xmlns="http://www.loc.gov/MARC21/slim">

  <leader>01144nam a2200289Ia 4500</leader>
  <controlfield tag="003">GCL</controlfield>
  <controlfield tag="008">140319s9999    xx            000 0 ara d</controlfield>
  <datafield tag="020" ind1=" " ind2=" ">
    <subfield code="a">977\5930\29\4</subfield>
  </datafield>
  <datafield tag="040" ind1=" " ind2=" ">
    <subfield code="a">GCL / </subfield>
    <subfield code="c">GCL</subfield>
  </datafield>
  <datafield tag="082" ind1="0" ind2="4">
    <subfield code="a">&#x642;</subfield>
    <subfield code="b">962.064</subfield>
    <subfield code="b">&#x633; &#x633;</subfield>
  </datafield>
  <datafield tag="100" ind1="1" ind2=" ">
    <subfield code="a">&#x633;&#x627;&#x645;&#x649; &#x634;&#x631;&#x641;</subfield>
  </datafield>
  <datafield tag="245" ind1="1" ind2="0">
    <subfield code="a">&#x633;&#x646;&#x648;&#x627;&#x62A; &#x648;&#x627;&#x64A;&#x627;&#x645; &#x645;&#x639; &#x62C;&#x645;&#x627;&#x644; &#x639;&#x628;&#x62F; &#x627;&#x644;&#x646;&#x627;&#x635;&#x631; : </subfield>
    <subfield code="b">&#x634;&#x647;&#x627;&#x62F;&#x629; &#x633;&#x627;&#x645;&#x649; &#x634;&#x631;&#x641; / </subfield>
    <subfield code="c">&#x633;&#x627;&#x645;&#x649; &#x634;&#x631;&#x641;</subfield>
  </datafield>
  <datafield tag="250" ind1=" " ind2=" ">
    <subfield code="a">&#x627;&#x644;&#x627;&#x648;&#x644;&#x649;</subfield>
  </datafield>
  <datafield tag="260" ind1=" " ind2=" ">
    <subfield code="a">&#x627;&#x644;&#x642;&#x627;&#x647;&#x631;&#x629; : </subfield>
    <subfield code="b">&#x627;&#x644;&#x641;&#x631;&#x633;&#x627;&#x646; &#x644;&#x644;&#x646;&#x634;&#x631; &#x60C; </subfield>
    <subfield code="c">2005</subfield>
  </datafield>
  <datafield tag="300" ind1=" " ind2=" ">
    <subfield code="a">535 &#x635; &#x61B; </subfield>
    <subfield code="c">24 &#x633;&#x645;</subfield>
  </datafield>
  <datafield tag="650" ind1="0" ind2="4">
    <subfield code="a">&#x627;&#x644;&#x646;&#x627;&#x635;&#x631;&#x64A;&#x629;</subfield>
  </datafield>
  <datafield tag="650" ind1="0" ind2="4">
    <subfield code="a">&#x645;&#x62D;&#x645;&#x62F; &#x646;&#x62C;&#x64A;&#x628;</subfield>
  </datafield>
  <datafield tag="650" ind1="0" ind2="4">
    <subfield code="a">&#x627;&#x644;&#x627;&#x639;&#x62A;&#x62F;&#x627;&#x621; &#x627;&#x644;&#x62B;&#x644;&#x627;&#x62B;&#x649; &#x639;&#x644;&#x649; &#x645;&#x635;&#x631; 1956</subfield>
  </datafield>
  <datafield tag="650" ind1="0" ind2="4">
    <subfield code="a">&#x62D;&#x631;&#x628; &#x64A;&#x648;&#x646;&#x64A;&#x648; 1967 - &#x645;&#x635;&#x631;</subfield>
  </datafield>
  <datafield tag="650" ind1="0" ind2="4">
    <subfield code="a">&#x645;&#x635;&#x631; - &#x62A;&#x627;&#x631;&#x64A;&#x62E; - &#x627;&#x644;&#x639;&#x635;&#x631; &#x627;&#x644;&#x62D;&#x62F;&#x64A;&#x62B; - &#x62C;&#x645;&#x627;&#x644; &#x639;&#x628;&#x62F;&#x627;&#x644;&#x646;&#x627;&#x635;&#x631; ( 1954-1970 )</subfield>
  </datafield>
  <datafield tag="650" ind1="0" ind2="4">
    <subfield code="a">&#x62C;&#x645;&#x627;&#x644; &#x639;&#x628;&#x62F;&#x627;&#x644;&#x646;&#x627;&#x635;&#x631;</subfield>
  </datafield>
  <datafield tag="650" ind1="0" ind2="4">
    <subfield code="a">&#x642;&#x646;&#x627;&#x629; &#x627;&#x644;&#x633;&#x648;&#x64A;&#x633; - &#x62A;&#x627;&#x645;&#x64A;&#x645;</subfield>
  </datafield>
  <datafield tag="650" ind1="0" ind2="4">
    <subfield code="a">&#x627;&#x644;&#x627;&#x62E;&#x648;&#x627;&#x646; &#x627;&#x644;&#x645;&#x633;&#x644;&#x645;&#x648;&#x646; - &#x645;&#x635;&#x631;</subfield>
  </datafield>
  <datafield tag="650" ind1="0" ind2="4">
    <subfield code="a">&#x645;&#x635;&#x631; - &#x627;&#x644;&#x627;&#x62D;&#x648;&#x627;&#x644; &#x627;&#x644;&#x633;&#x64A;&#x627;&#x633;&#x64A;&#x629; - &#x62C;&#x645;&#x627;&#x644; &#x639;&#x628;&#x62F;&#x627;&#x644;&#x646;&#x627;&#x635;&#x631;</subfield>
  </datafield>
  <datafield tag="650" ind1="0" ind2="4">
    <subfield code="a">&#x645;&#x635;&#x631; - &#x627;&#x644;&#x627;&#x62D;&#x632;&#x627;&#x628; &#x627;&#x644;&#x633;&#x64A;&#x627;&#x633;&#x64A;&#x629; - &#x62C;&#x645;&#x627;&#x644; &#x639;&#x628;&#x62F;&#x627;&#x644;&#x646;&#x627;&#x635;&#x631;</subfield>
  </datafield>
  <datafield tag="942" ind1=" " ind2=" ">
    <subfield code="2">ddc</subfield>
    <subfield code="c">BK</subfield>
  </datafield>
  <datafield tag="999" ind1=" " ind2=" ">
    <subfield code="c">9501</subfield>
    <subfield code="d">9501</subfield>
  </datafield>
  <datafield tag="952" ind1=" " ind2=" ">
    <subfield code="0">0</subfield>
    <subfield code="1">0</subfield>
    <subfield code="4">0</subfield>
    <subfield code="7">0</subfield>
    <subfield code="a">CAI</subfield>
    <subfield code="b">CAI</subfield>
    <subfield code="d">2014-03-26</subfield>
    <subfield code="l">0</subfield>
    <subfield code="o">&#x642;\962.064\&#x633; &#x633;</subfield>
    <subfield code="p">19797</subfield>
    <subfield code="r">2014-03-26 00:00:00</subfield>
    <subfield code="w">2014-03-26</subfield>
    <subfield code="y">BK</subfield>
  </datafield>
  <datafield tag="952" ind1=" " ind2=" ">
    <subfield code="0">0</subfield>
    <subfield code="1">0</subfield>
    <subfield code="4">0</subfield>
    <subfield code="7">0</subfield>
    <subfield code="a">CAI</subfield>
    <subfield code="b">CAI</subfield>
    <subfield code="d">2014-03-26</subfield>
    <subfield code="l">0</subfield>
    <subfield code="o">&#x642;\962.064\&#x633; &#x633;</subfield>
    <subfield code="p">19798</subfield>
    <subfield code="r">2014-03-26 00:00:00</subfield>
    <subfield code="w">2014-03-26</subfield>
    <subfield code="y">BK</subfield>
  </datafield>
</record>
